Normal view
MARC view
- México
Entry Nombre Geográfico
001 - NÚMERO DE CONTROL
- campo de control: 46031
003 - IDENTIFICADOR DE NUMERO DE CONTROL
- campo de control: UPN
005 - FECHA Y HORA DE LA ÜLTIMA TRANSACCIÓN
- campo de control: 20231113145541.0
008 - DATOS DE LONGITUD FIJA
- campo de control de longitud fija: 220901|| acn||babn | a|a d
040 ## - FUENTE DE CATALOGACIÓN
- Agencia de catalogación original: UPN
151 ## - ENCABEZAMIENTO - NOMBRE GEOGRÁFICO
- Nombre geográfico: México
- Subdivisión general : Política y gobierno
- Subdivisión cronológica : 1910-1946
670 ## - FUENTE EN LA QUE SE LOCALIZARON DATOS
- Cita de la fuente: DGB/UNAM, 1 septiembre 2022:
- Información localizada: catálogo electrónico (México -- Política y gobierno -- 1910-1946)
